Statistics for Him - Harry Styles lyrics

Click here to take the quiz!

General Stats

  • This quiz has been taken 167 times
  • The average score is 244 of 280

Answer Stats

HintLyrics% Correct
I
100%
you
99%
BridgeDo
98%
don't
98%
when
98%
When
98%
him
97%
The
97%
the
97%
to
97%
he
96%
about
95%
me
95%
want
95%
Hear
94%
hear
94%
In
94%
in
94%
it
93%
It
93%
And
92%
and
92%
Chorus | Verse 1So
92%
was
91%
your
91%
love
90%
on
90%
out
90%
Verse 2That
90%
that
90%
with
90%
fall
89%
like
89%
what
89%
know
88%
line
88%
mind?
88%
mind
88%
had
87%
How
87%
outside
87%
from
86%
it's
86%
songs
86%
write
86%
wrote
86%
continue
85%
holding
85%
wanna
85%
better
83%
he's
83%
for
82%
night?
81%
night
81%
these
80%
at
79%
'Cause
77%
my
77%
but
75%
who
75%
one
70%
stays
70%
trying
70%
always
69%
been
69%
right
69%
were
69%
OutroIs
68%
I've
68%
time
68%
Now
67%
leaving
66%
I'm
64%
apologies
63%
breaks
63%
who's
63%
Dreams
62%
heart
62%
not
62%
every
61%
two
61%
all
60%
here
60%
Wildest
60%
amazing
59%
Lipstick
59%
still
59%
There's
58%
sympathy
57%
eyes
56%
dress
54%
sheets
54%
think
54%
left
52%
stains
52%
into
49%
nice
49%
running
48%

Score Distribution

Percentile by Number Answered

Percent of People with Each Score

Your Score History

You have not taken this quiz